Top 10 najludniejszych państw Afryki - Statystyki

Ogólne statystyki
  • Ten quiz został rozwiązany 468 razy
  • Średni wynik to 8 z 10
Statystyki odpowiedzi
Liczba ludności Państwo % Poprawnych
97 041 000 Egipt
97%
190 632 000 Nigeria
95%
54 841 000 Republika Południowej Afryki
94%
83 301 000 Demokratyczna Republika Konga
89%
40 969 000 Algieria
86%
105 350 000 Etiopia
78%
37 345 000 Sudan
76%
47 615 000 Kenia
73%
53 950 000 Tanzania
64%
39 570 000 Uganda
47%
Nie znaleziono quizów pasujących do podanych kryteriów
Rozkład punktacji
Procent ludzi z każdym wynikiem
Percentyl według liczby udzielonych odpowiedzi
Twoja historia wyników
Nie rozwiązałeś tego quizu